书目信息 |
| 题名: |
唐鉴
|
|
| 作者: | 范祖禹 撰 | |
| 分册: | 一 | |
| 出版信息: | 上海 上海古籍出版社 1990 |
|
| 页数: | 全一册 | |
| 开本: | 29*18cm | |
| 丛书名: | ||
| 单 册: | ||
| 中图分类: | K242.04 | |
| 科图分类: | ||
| 主题词: | 中国--历史 | |
| 电子资源: | ||
| ISBN: | ||
| 000 | 00673nam0 2200229 450 | |
| 001 | 0633466250 | |
| 005 | 20061025092213.20 | |
| 010 | @b线装@dCNY15.00(全套) | |
| 100 | @a20061025d1990 km y0chiy0120 ea | |
| 101 | 0 | @achi |
| 102 | @aCN@b310000 | |
| 200 | 1 | @a唐鉴@h一@Atang jian@f(宋)范祖禹撰@F(song)fan zu yu zhuan |
| 205 | @a影印本 | |
| 210 | @a上海@c上海古籍出版社@d1990 | |
| 215 | @a全一册@d29*18cm | |
| 300 | @a第一至第二册为一函,共一函十二卷 | |
| 305 | @a本书据上海图书馆所藏南宋孝宗年浙江刻本影印版框尺寸悉标原书 | |
| 606 | 0 | @a中国@x历史 |
| 690 | @aK242.04@v3 | |
| 701 | 0 | @a范祖禹@Afan zu yu@4撰 |
| 801 | 0 | @aCN@bPFT@c20061025 |
| 905 | @a10447@dK242.04@e38:1 | |
| 唐鉴.一/(宋)范祖禹撰.-影印本.-上海:上海古籍出版社,1990 |
| 全一册;29*18cm |
| 第一至第二册为一函,共一函十二卷 |
| ISBN (线装):CNY15.00(全套) |
| ● |
| 相关链接 |
|
|
|
|
正题名:唐鉴
索取号:K242.04/38:1
 
预约/预借
| 序号 | 登录号 | 条形码 | 馆藏地/架位号 | 状态 | 备注 |
| 1 | 0266352 | 202424457 | 古籍典藏专区/ [索取号:K242.04/38:1] | 在馆 |